[Event "VII Open A"]
[Site "Bergamo ITA"]
[Date "2008.09.13"]
[Round "4"]
[White "Sala, Giovanni"]
[Black "Giannetta, Paolo"]
[Result "1/2-1/2"]
[WhiteElo "1970"]
[BlackElo "1934"]
[PlyCount "118"]
[EventDate "2008.09.12"]

1. c4 d6 2. g3 f5 3. Bg2 Nf6 4. Nc3 g6 5. e3 Bg7 6. Nge2 c6 7. O-O O-O 8. d3
Na6 9. Rb1 Bd7 10. b4 Rb8 11. b5 Nc5 12. Ba3 Qc7 13. Nd4 e5 14. Nb3 Ne6 15.
bxc6 bxc6 16. Qd2 Rfd8 17. f4 exf4 18. gxf4 Ng4 19. Nd1 Bc8 20. Nf2 Nxf2 21.
Qxf2 a5 22. Qd2 Ra8 23. Kh1 a4 24. Na1 d5 25. cxd5 cxd5 26. Rfc1 Qa7 27. Nc2
Rb8 28. d4 Ba6 29. Nb4 Bb7 30. Nd3 Ba8 31. Ne5 Rbc8 32. h3 g5 33. Qd3 gxf4 34.
Qxf5 Rxc1+ 35. Rxc1 Nf8 36. Bc5 Qc7 37. exf4 Bb7 38. a3 Re8 39. Qc2 Ne6 40.
Qxa4 Ra8 41. Qc2 Nxf4 42. Qf5 Bxe5 43. dxe5 Nxg2 44. Qe6+ Qf7 45. Qxf7+ Kxf7
46. Kxg2 Kg6 47. Bd6 d4+ 48. Kf2 Rc8 49. Rxc8 Bxc8 50. h4 Kf5 51. Ke2 Ba6+ 52.
Kd2 Kg4 53. Be7 Kf5 54. Bf6 h5 55. a4 Bc4 56. a5 Ba6 57. Kc2 Bc4 58. Kd2 Ba6
59. Bg7 Bc4 1/2-1/2

[Event "VII Open A"]
[Site "Bergamo ITA"]
[Date "2008.09.13"]
[Round "4"]
[White "Sala, Marcello"]
[Black "Elitropi, Giorgio"]
[Result "1/2-1/2"]
[WhiteElo "1831"]
[BlackElo "2008"]
[PlyCount "27"]
[EventDate "2008.09.12"]

1. e4 e6 2. d4 d5 3. Nd2 Nc6 4. Ngf3 Nf6 5. e5 Nd7 6. Bd3 f6 7. exf6 Nxf6 8.
Nb3 Bd6 9. O-O O-O 10. Re1 Qe8 11. c4 h6 12. c5 Be7 13. Bf4 Bd8 14. Qd2 1/2-1/2

[Event "VII Open A"]
[Site "Bergamo ITA"]
[Date "2008.09.13"]
[Round "4"]
[White "Salvador, Roland"]
[Black "Dervishi, Erald"]
[Result "1-0"]
[WhiteElo "2443"]
[BlackElo "2544"]
[PlyCount "65"]
[EventDate "2008.09.12"]

1. d4 Nf6 2. Nf3 e6 3. c4 b6 4. g3 Bb7 5. Bg2 Be7 6. O-O O-O 7. d5 exd5 8. Nh4
c6 9. cxd5 Nxd5 10. Nf5 Nc7 11. e4 d5 12. Nc3 dxe4 13. Qg4 g6 14. Rd1 Nd5 15.
Bxe4 Bf6 16. Qf3 Nd7 17. Nh6+ Kh8 18. Bf4 Bxc3 19. bxc3 Nxf4 20. Qxf4 f6 21.
Bg2 Qe8 22. Rd6 Qe7 23. Rad1 Ne5 24. Ng4 Rad8 25. Rxd8 Rxd8 26. Rxd8+ Qxd8 27.
Nxe5 fxe5 28. Qxe5+ Kg8 29. Bf3 Ba6 30. Kg2 Qd3 31. Qe8+ Kg7 32. Qe7+ Kh6 33.
Qf8+ 1-0

[Event "VII Open A"]
[Site "Bergamo ITA"]
[Date "2008.09.13"]
[Round "4"]
[White "Tratar, Marko"]
[Black "Korneev, Oleg"]
[Result "1/2-1/2"]
[WhiteElo "2486"]
[BlackElo "2631"]
[PlyCount "88"]
[EventDate "2008.09.12"]

1. d4 d5 2. c4 c6 3. cxd5 cxd5 4. Nc3 Nf6 5. Bf4 Nc6 6. e3 a6 7. Be2 e6 8. Nf3
Be7 9. O-O O-O 10. a3 Bd7 11. Ne5 Nxe5 12. dxe5 Ne4 13. Nxe4 dxe4 14. Rc1 Bc6
15. Qxd8 Rfxd8 16. Rfd1 Kf8 17. Kf1 Ke8 18. Ke1 Rxd1+ 19. Rxd1 Bd5 20. Rc1 Kd7
21. f3 Rc8 22. Rxc8 Kxc8 23. Bg3 Kd7 24. f4 f6 25. Bh4 g5 26. fxg5 fxg5 27. Bf2
Kc6 28. Kd2 a5 29. Kc3 a4 30. Bd1 b5 31. Be1 Bc5 32. Bd2 Be7 33. Be1 Kc5 34.
Bh5 Bd8 35. Kc2 Bb3+ 36. Kc1 Kd5 37. Bc3 Bc4 38. Kd2 Bc7 39. g3 Bb6 40. Bf7 Bc7
41. Be8 Bd3 42. Bh5 Bc4 43. Be8 Bd3 44. Bh5 Bc4 1/2-1/2

[Event "VII Open A"]
[Site "Bergamo ITA"]
[Date "2008.09.13"]
[Round "4"]
[White "Vincenzi, Marco"]
[Black "Steffenello, Leonard"]
[Result "1/2-1/2"]
[WhiteElo "2123"]
[BlackElo "2118"]
[PlyCount "81"]
[EventDate "2008.09.12"]

1. e4 c6 2. Nc3 d5 3. Nf3 Bg4 4. h3 Bxf3 5. Qxf3 e6 6. g3 Nd7 7. Bg2 Ne5 8. Qh5
Ng6 9. d3 d4 10. Nb1 Bb4+ 11. Bd2 Qb6 12. O-O Qc5 13. Qd1 Bxd2 14. Nxd2 N8e7
15. f4 f5 16. Kh2 O-O 17. Nf3 e5 18. Ng5 Qd6 19. fxe5 Nxe5 20. Qh5 h6 21. Nf3
Nxf3+ 22. Qxf3 Rf7 23. Qf4 Qxf4 24. Rxf4 g5 25. Rf2 Raf8 26. Raf1 fxe4 27. Rxf7
Rxf7 28. Rxf7 Kxf7 29. Bxe4 Kf6 30. Kg2 Ke5 31. Kf3 Ng8 32. Bg6 Nf6 33. Bf7 Nd7
34. h4 Nf6 35. hxg5 hxg5 36. a3 g4+ 37. Ke2 Nd5 38. Be8 Ne3 39. Bd7 c5 40. c3
b6 41. Bc8 1/2-1/2

[Event "VII Open A"]
[Site "Bergamo ITA"]
[Date "2008.09.14"]
[Round "5"]
[White "Angelini, Marco"]
[Black "De Palma, Fabrizio"]
[Result "1/2-1/2"]
[WhiteElo "1987"]
[BlackElo "2005"]
[PlyCount "107"]
[EventDate "2008.09.12"]

1. e4 g6 2. d4 Bg7 3. Nc3 d6 4. Be3 Nd7 5. Bc4 e6 6. Qd2 h6 7. Nge2 a6 8. a4
Ne7 9. O-O d5 10. Bd3 dxe4 11. Nxe4 Nd5 12. c4 Nxe3 13. fxe3 O-O 14. N4c3 c5
15. d5 Ne5 16. Rad1 exd5 17. cxd5 Bg4 18. e4 Qh4 19. Qe3 Rac8 20. h3 Bd7 21.
Qf4 Qxf4 22. Rxf4 Nxd3 23. Rxd3 f5 24. exf5 Bxf5 25. Rd1 Be5 26. Rf3 Rfd8 27.
g4 Bc2 28. Rdf1 Rf8 29. Rxf8+ Rxf8 30. Rxf8+ Kxf8 31. Kf2 Ke7 32. Ke3 Kd6 33.
h4 g5 34. hxg5 hxg5 35. Kf3 Bd3 36. Ne4+ Kxd5 37. Nxg5 Bxe2+ 38. Kxe2 Bxb2 39.
Kd3 c4+ 40. Kc2 Bf6 41. Nf3 b5 42. axb5 axb5 43. g5 Bg7 44. Nh2 b4 45. Nf3 b3+
46. Kb1 c3 47. g6 Ke4 48. Nd2+ Kd3 49. Nxb3 c2+ 50. Ka2 Kc3 51. Ka3 Bh6 52. Ka2
Bf8 53. Nc1 Kd2 54. Nb3+ 1/2-1/2

[Event "VII Open A"]
[Site "Bergamo ITA"]
[Date "2008.09.14"]
[Round "5"]
[White "Astengo, Corrado"]
[Black "Quagliarella, Sabino Remo"]
[Result "1-0"]
[WhiteElo "2121"]
[BlackElo "1925"]
[PlyCount "109"]
[EventDate "2008.09.12"]

1. e4 e5 2. Nf3 Nc6 3. Bc4 Bc5 4. O-O Nf6 5. d4 exd4 6. e5 Ne4 7. Re1 Nxf2 8.
Kxf2 d3+ 9. Be3 dxc2 10. Qxc2 Bxe3+ 11. Rxe3 O-O 12. Nc3 Nd4 13. Qe4 Nxf3 14.
Rxf3 c6 15. Qd4 b5 16. Bb3 Qb6 17. Qxb6 axb6 18. Rd1 g6 19. Ne4 Kg7 20. Nd6 c5
21. Bxf7 Ba6 22. Bd5 Rxf3+ 23. gxf3 Rf8 24. Bb7 Bxb7 25. Nxb7 Rf7 26. Rd6 Re7
27. f4 g5 28. Ke3 gxf4+ 29. Kxf4 Rf7+ 30. Ke3 Rf1 31. Rxd7+ Kg6 32. Rd6+ Kg5
33. Rxb6 Re1+ 34. Kf2 Rxe5 35. Rxb5 Rf5+ 36. Kg2 Kf4 37. Rxc5 Rf7 38. Nd6 Ra7
39. a3 Rd7 40. Rd5 Rc7 41. Rd2 Ke3 42. Rf2 Rg7+ 43. Kf1 Rc7 44. Nf5+ Kd3 45. b4
h5 46. b5 Rc1+ 47. Kg2 Rb1 48. Nd6 Kd4 49. a4 Kc5 50. Ne4+ Kd4 51. Nf6 h4 52.
Nd7 Ke3 53. Rf3+ Kd4 54. b6 Ke4 55. Ra3 1-0

[Event "VII Open A"]
[Site "Bergamo ITA"]
[Date "2008.09.14"]
[Round "5"]
[White "Bozzali, Ermanno"]
[Black "Kogan, Artur"]
[Result "0-1"]
[WhiteElo "2148"]
[BlackElo "2569"]
[PlyCount "72"]
[EventDate "2008.09.12"]

1. e4 c5 2. Nf3 Nc6 3. d4 cxd4 4. Nxd4 Nf6 5. Nc3 d6 6. Bc4 e6 7. Be3 Bd7 8.
Qe2 Rc8 9. f3 Be7 10. O-O-O Na5 11. Bd3 O-O 12. g4 a6 13. g5 Ne8 14. f4 b5 15.
Qh5 b4 16. Nce2 Nc4 17. Bxc4 Rxc4 18. b3 Rc5 19. Rhg1 Qa5 20. Kb1 g6 21. Qh6
Ng7 22. Rg4 Rfc8 23. Rh4 Nh5 24. Rxh5 gxh5 25. f5 exf5 26. Nf4 Bf8 27. Qxh5
fxe4 28. Rd2 Bg7 29. h4 Qa3 30. Qd1 Ra5 31. c4 bxc3 32. Rc2 Rb8 33. Bc1 Qa4 34.
Nfe2 Bg4 35. Ka1 Bxe2 36. Nxe2 Qxb3 0-1

[Event "VII Open A"]
[Site "Bergamo ITA"]
[Date "2008.09.14"]
[Round "5"]
[White "Buriani, Andrea"]
[Black "Brugo, Marco"]
[Result "1/2-1/2"]
[WhiteElo "2149"]
[BlackElo "2107"]
[PlyCount "32"]
[EventDate "2008.09.12"]

1. d4 e6 2. Nf3 f5 3. Bf4 Nf6 4. e3 b6 5. Bd3 Bb7 6. O-O Be7 7. h3 O-O 8. c4
Ne4 9. Qc2 c5 10. dxc5 Nxc5 11. Nc3 d6 12. Bh2 Nc6 13. a3 a6 14. Rfd1 Qc7 15.
Rd2 Na5 16. b4 Nxd3 1/2-1/2

[Event "VII Open A"]
[Site "Bergamo ITA"]
[Date "2008.09.14"]
[Round "5"]
[White "Cecconi, Giovanni Alberto"]
[Black "Gaggino, Davide"]
[Result "0-1"]
[WhiteElo "2206"]
[BlackElo "1989"]
[PlyCount "68"]
[EventDate "2008.09.12"]

1. d4 d5 2. Bg5 h6 3. Bh4 c6 4. Nf3 Bf5 5. e3 Qb6 6. b3 Nd7 7. Bd3 Bxd3 8. Qxd3
Ngf6 9. O-O e6 10. c4 Be7 11. Nc3 O-O 12. Ne5 Qd8 13. Nxd7 Qxd7 14. Rad1 a6 15.
Na4 Qd8 16. f3 Nd7 17. Bg3 b5 18. Nc3 b4 19. Na4 Qa5 20. Rfe1 Rfe8 21. Re2 Nb6
22. Bc7 dxc4 23. Qb1 cxb3 24. Nxb6 Qb5 25. Qd3 Ra7 26. Qxb5 axb5 27. Bg3 bxa2
28. Ra1 b3 29. Rb2 Ra3 30. Be1 c5 31. Bc3 c4 32. Re2 b4 33. Bb2 c3 34. Bxa3
bxa3 0-1

[Event "VII Open A"]
[Site "Bergamo ITA"]
[Date "2008.09.14"]
[Round "5"]
[White "Dervishi, Erald"]
[Black "Martinez, Rolly"]
[Result "1-0"]
[WhiteElo "2544"]
[BlackElo "2441"]
[PlyCount "75"]
[EventDate "2008.09.12"]

1. e4 c5 2. Nf3 d6 3. d4 cxd4 4. Nxd4 Nf6 5. Nc3 Nc6 6. Bc4 e6 7. Be3 Be7 8.
Qe2 a6 9. O-O-O Qc7 10. Bb3 O-O 11. Rhg1 b5 12. g4 b4 13. g5 bxc3 14. gxf6 Bxf6
15. Nxc6 Qxc6 16. Qf3 Kh8 17. Bh6 Rg8 18. Bg5 Bxg5+ 19. Rxg5 cxb2+ 20. Kb1 f5
21. Qh3 Qxe4 22. Rh5 f4 23. Bc4 e5 24. Bd3 Bxh3 25. Bxe4 g6 26. Rxh3 Rad8 27.
Ra3 Rgf8 28. Rxa6 Rf6 29. f3 g5 30. Ra7 Rh6 31. a4 Rxh2 32. a5 h5 33. a6 g4 34.
Rb7 g3 35. a7 g2 36. Rb8 Rh1 37. Rxd8+ Kg7 38. Rd7+ 1-0

[Event "VII Open A"]
[Site "Bergamo ITA"]
[Date "2008.09.14"]
[Round "5"]
[White "Elitropi, Giorgio"]
[Black "Pisani, Valerio"]
[Result "1-0"]
[WhiteElo "2008"]
[BlackElo "1707"]
[PlyCount "85"]
[EventDate "2008.09.12"]

1. f4 d5 2. Nf3 Nf6 3. g3 c5 4. d3 Bf5 5. Bg2 e6 6. c3 Bd6 7. O-O Nc6 8. Qe1 d4
9. Na3 O-O 10. Nh4 Re8 11. h3 h5 12. Bd2 Qd7 13. Nc4 b5 14. Na3 a6 15. c4 b4
16. Nc2 a5 17. b3 a4 18. Bf3 Bxh3 19. Ng2 a3 20. Kh2 Bg4 21. Rh1 Ra6 22. Kg1 g6
23. Qf1 e5 24. e4 exf4 25. gxf4 Bf8 26. Re1 Bg7 27. Rh4 Bxf3 28. Qxf3 Ng4 29.
Re2 Ne7 30. Nge1 Bh6 31. Ng2 Qc7 32. Nce1 Rf6 33. Rh1 Nc6 34. Qg3 Nd8 35. Nf3
Rfe6 36. Rh3 R6e7 37. Nh2 Nxh2 38. Rxh2 Kh7 39. Nh4 Ne6 40. e5 Rg8 41. Reg2 Nf8
42. Nf5 Re6 43. Rxh5 1-0

[Event "VII Open A"]
[Site "Bergamo ITA"]
[Date "2008.09.14"]
[Round "5"]
[White "Giancotti, Eraldo"]
[Black "Sala, Marcello"]
[Result "1-0"]
[WhiteElo "2092"]
[BlackElo "1831"]
[PlyCount "107"]
[EventDate "2008.09.12"]

1. d4 Nf6 2. Nf3 g6 3. Nc3 d5 4. Bf4 Bg7 5. Qd2 Ne4 6. Nxe4 dxe4 7. Ne5 f6 8.
Nc4 Be6 9. e3 O-O 10. O-O-O b5 11. Na3 c6 12. Kb1 Nd7 13. c4 bxc4 14. Bxc4 Bxc4
15. Nxc4 a5 16. Qc2 f5 17. h4 Nf6 18. Ne5 Qb6 19. Qxc6 Rab8 20. Qxb6 Rxb6 21.
Bg5 Rfb8 22. Rd2 Rb5 23. Rc1 Nd5 24. Nc6 Re8 25. Rc5 Rxc5 26. dxc5 e6 27. Nxa5
Ra8 28. Nc4 Rc8 29. Nb6 Rxc5 30. Nxd5 exd5 31. b4 Rc4 32. Be7 d4 33. exd4 Bxd4
34. a4 e3 35. fxe3 Bxe3 36. Rd3 f4 37. Kb2 Kf7 38. Kb3 Rc1 39. Bd6 Rg1 40. a5
Rxg2 41. a6 Rg1 42. Bxf4 Bxf4 43. Rd7+ Ke6 44. Rxh7 Kd6 45. Kc4 Ra1 46. Rg7 g5
47. h5 Kc6 48. Rg6+ Kc7 49. h6 g4 50. Rg7+ Kb6 51. h7 Rc1+ 52. Kd5 Rh1 53. a7
Rd1+ 54. Kc4 1-0

[Event "VII Open A"]
[Site "Bergamo ITA"]
[Date "2008.09.14"]
[Round "5"]
[White "Giannetta, Paolo"]
[Black "Cardani, Roberto"]
[Result "1-0"]
[WhiteElo "1934"]
[BlackElo "1919"]
[PlyCount "77"]
[EventDate "2008.09.12"]

1. Nf3 Nf6 2. c4 g6 3. b3 Bg7 4. Bb2 O-O 5. g3 d6 6. Bg2 e5 7. d3 Nc6 8. O-O h6
9. a3 a5 10. Nc3 Be6 11. Nd2 Qd7 12. Re1 Nh5 13. Nd5 f5 14. e3 Rae8 15. b4 axb4
16. axb4 Nd8 17. Ra7 c6 18. Nb6 Qc7 19. c5 d5 20. Qa1 f4 21. exf4 exf4 22. Bxg7
Nxg7 23. Nf3 fxg3 24. fxg3 Bf5 25. Ne5 Qe7 26. d4 Qg5 27. Qc3 Re7 28. Raa1 Rfe8
29. b5 Kh7 30. Ra8 Qf6 31. bxc6 bxc6 32. Rf1 h5 33. Nc8 Rc7 34. Nd6 Rf8 35. Qa5
Nde6 36. Rxf8 Qxf8 37. Qd2 Qe7 38. Ndf7 Nd8 39. Qh6+ 1-0

[Event "VII Open A"]
[Site "Bergamo ITA"]
[Date "2008.09.14"]
[Round "5"]
[White "Gilardi, Davide"]
[Black "Sala, Giovanni"]
[Result "1/2-1/2"]
[WhiteElo "1819"]
[BlackElo "1970"]
[PlyCount "45"]
[EventDate "2008.09.12"]

1. d4 f5 2. c4 e6 3. e3 Nf6 4. Bd3 b6 5. Ne2 Bb7 6. O-O g6 7. Nbc3 Bg7 8. f3 d5
9. Qb3 Qe7 10. Nf4 c6 11. a4 O-O 12. Qa3 Re8 13. Qxe7 Rxe7 14. a5 g5 15. Nfe2
dxc4 16. Bxc4 b5 17. Bd3 Na6 18. b3 Rd7 19. e4 f4 20. e5 Ne8 21. h4 Bxe5 22.
Bxh7+ Kxh7 23. dxe5 1/2-1/2

[Event "VII Open A"]
[Site "Bergamo ITA"]
[Date "2008.09.14"]
[Round "5"]
[White "Guglielmi, Dante"]
[Black "Bellavita, Guido"]
[Result "0-1"]
[WhiteElo "1918"]
[BlackElo "2101"]
[PlyCount "82"]
[EventDate "2008.09.12"]

1. c4 e5 2. Nc3 Nc6 3. g3 g6 4. Bg2 Bg7 5. e3 d6 6. Nge2 Be6 7. Nd5 Qd7 8. d4
Nd8 9. b3 c6 10. Ndc3 Ne7 11. Bb2 O-O 12. Ne4 d5 13. Nc5 Qc7 14. Nxe6 Nxe6 15.
dxe5 Bxe5 16. Bxe5 Qxe5 17. cxd5 Nxd5 18. O-O Rad8 19. Qc1 Rd6 20. a3 Rfd8 21.
Rd1 Ndf4 22. Qc2 Rxd1+ 23. Rxd1 Rxd1+ 24. Qxd1 Nxe2+ 25. Qxe2 Qa1+ 26. Bf1 Qxa3
27. Qc4 Qc5 28. Qe4 a5 29. Bc4 Qf5 30. Qh4 Ng5 31. Kf1 Qb1+ 32. Ke2 Qc2+ 33.
Kf1 Qd1+ 34. Kg2 Qf3+ 35. Kf1 Ne4 36. Qd8+ Kg7 37. Qd4+ Kh6 38. Qb2 Qh1+ 39.
Ke2 Qxh2 40. Qd4 Qxf2+ 41. Kd3 f5 0-1

[Event "VII Open A"]
[Site "Bergamo ITA"]
[Date "2008.09.14"]
[Round "5"]
[White "Lalic, Bogdan"]
[Black "Tratar, Marko"]
[Result "1/2-1/2"]
[WhiteElo "2533"]
[BlackElo "2486"]
[PlyCount "20"]
[EventDate "2008.09.12"]

1. d4 Nf6 2. Nf3 e6 3. c4 b6 4. g3 Ba6 5. Qa4 Bb7 6. Bg2 c5 7. dxc5 Bxc5 8. Nc3
O-O 9. O-O Be7 10. Bf4 Na6 1/2-1/2

[Event "VII Open A"]
[Site "Bergamo ITA"]
[Date "2008.09.14"]
[Round "5"]
[White "Maccarini, Luca Nicola"]
[Black "Astengo, Marcello"]
[Result "0-1"]
[WhiteElo "1920"]
[BlackElo "2075"]
[PlyCount "72"]
[EventDate "2008.09.12"]

1. d4 d5 2. Nf3 c5 3. c4 e6 4. cxd5 exd5 5. g3 Nf6 6. Bg2 Nc6 7. O-O Be7 8. Nc3
O-O 9. Be3 b6 10. Ne5 Bb7 11. Nxc6 Bxc6 12. dxc5 bxc5 13. Rc1 Qa5 14. Qc2 Rac8
15. Bg5 c4 16. Rfd1 Rfd8 17. Rd2 d4 18. Bxf6 Bxf6 19. Bxc6 dxc3 20. Rxd8+ Qxd8
21. Rd1 Qa5 22. Be4 cxb2 23. Bxh7+ Kh8 24. Be4 Qxa2 25. e3 c3 26. Qe2 Kg8 27.
Bb1 Qc4 28. Qc2 a5 29. Rd7 g6 30. h4 Qc6 31. Rd1 Qb5 32. e4 a4 33. Rd5 Qb3 34.
Qd3 c2 35. Bxc2 Qxc2 36. e5 b1=Q+ 0-1

[Event "VII Open A"]
[Site "Bergamo ITA"]
[Date "2008.09.14"]
[Round "5"]
[White "Sanchez, Joseph"]
[Black "Vincenzi, Marco"]
[Result "1-0"]
[WhiteElo "2486"]
[BlackElo "2123"]
[PlyCount "69"]
[EventDate "2008.09.12"]

1. e4 c5 2. Nf3 d6 3. d4 cxd4 4. Qxd4 Nc6 5. Bb5 Bd7 6. Bxc6 bxc6 7. c4 c5 8.
Qd3 Bc6 9. Nc3 g6 10. O-O Bg7 11. Re1 Nf6 12. e5 dxe5 13. Qxd8+ Rxd8 14. Nxe5
Bb7 15. Bg5 O-O 16. Rac1 Rfe8 17. h3 a6 18. Be3 Nd7 19. Nxd7 Rxd7 20. Na4 Bd4
21. Nxc5 Bxc5 22. Bxc5 Rd2 23. b4 e5 24. a4 f6 25. Be3 Ra2 26. Ra1 Rxa1 27.
Rxa1 Kf7 28. b5 Ke6 29. c5 Re7 30. c6 Ba8 31. Rd1 Rc7 32. Bc5 h5 33. Rd8 axb5
34. axb5 Bxc6 35. Rd6+ 1-0

[Event "VII Open A"]
[Site "Bergamo ITA"]
[Date "2008.09.14"]
[Round "5"]
[White "Scipioni, Gaetano"]
[Black "Ranfagni, Stefano"]
[Result "1/2-1/2"]
[WhiteElo "2077"]
[BlackElo "2049"]
[PlyCount "170"]
[EventDate "2008.09.12"]

1. d4 e6 2. Nf3 f5 3. Bf4 Nf6 4. e3 Be7 5. Bd3 O-O 6. O-O d6 7. Nbd2 Qe8 8. h3
Nbd7 9. Bh2 Bd8 10. e4 fxe4 11. Nxe4 e5 12. Re1 Nxe4 13. Bxe4 Bf6 14. dxe5 Nxe5
15. Nxe5 dxe5 16. Qd5+ Kh8 17. Bf3 c6 18. Qe4 g6 19. Bxe5 Qxe5 20. Qxe5 Bxe5
21. Rxe5 Bxh3 22. Bxc6 bxc6 23. gxh3 Rf3 24. Kg2 Raf8 25. Rf1 R3f6 26. Re2 Rb8
27. c3 a5 28. Rd1 Rb5 29. Rd7 Rg5+ 30. Kf1 Rf8 31. Rc7 Rh5 32. Rxc6 Rxh3 33.
Rce6 Rhf3 34. R6e5 a4 35. c4 h5 36. R5e3 R3f4 37. b3 Kg7 38. Re4 Rf3 39. b4 g5
40. c5 h4 41. Kg2 h3+ 42. Kh2 Kh6 43. R4e3 Rxe3 44. Rxe3 Rxf2+ 45. Kxh3 Rxa2
46. c6 Rc2 47. b5 Rc5 48. Re6+ Kg7 49. b6 Kf7 50. Rd6 Ke7 51. b7 Kxd6 52. b8=Q+
Kxc6 53. Qe8+ Kd5 54. Qxa4 Rc3+ 55. Kg2 Rc5 56. Qe8 Kd4 57. Kf3 Re5 58. Qd7+
Rd5 59. Qe6 Re5 60. Qd6+ Rd5 61. Qb4+ Ke5 62. Qe4+ Kd6 63. Qg6+ Kc5 64. Ke4 g4
65. Qe6 Rd4+ 66. Ke3 Ra4 67. Qe5+ Kb4 68. Kd4 Kb3+ 69. Kd3 Kb4 70. Qc3+ Kb5 71.
Qb3+ Rb4 72. Qd5+ Ka6 73. Kc3 Rb5 74. Qe6+ Rb6 75. Qxg4 Rc6+ 76. Kb4 Kb6 77.
Qd7 Rc7 78. Qd6+ Kb7 79. Kb5 Kc8 80. Kb6 Rb7+ 81. Ka6 Ra7+ 82. Kb5 Rb7+ 83. Kc5
Rc7+ 84. Kb5 Rb7+ 85. Kc6 Rb6+ 1/2-1/2

[Event "VII Open A"]
[Site "Bergamo ITA"]
[Date "2008.09.14"]
[Round "5"]
[White "Steffenello, Leonard"]
[Black "Pucovski, Miroslav"]
[Result "1/2-1/2"]
[WhiteElo "2118"]
[BlackElo "2346"]
[PlyCount "72"]
[EventDate "2008.09.12"]

1. d4 d5 2. c4 e6 3. Nf3 c6 4. g3 dxc4 5. Bg2 b5 6. a4 Bb7 7. O-O Nf6 8. b3
cxb3 9. Qxb3 b4 10. Rd1 a5 11. Ne5 Nfd7 12. Na3 Be7 13. Nac4 O-O 14. Be3 Qc7
15. Nxd7 Nxd7 16. Bf4 Qc8 17. Rac1 Re8 18. e4 Qd8 19. Nd6 Bxd6 20. Bxd6 Rc8 21.
e5 Nb6 22. Rc5 Nd5 23. Bxd5 cxd5 24. Rdc1 Rxc5 25. Rxc5 Ba6 26. Bc7 Qg5 27. Qb2
Qg4 28. Qd2 Qf3 29. Bxa5 Bd3 30. Bxb4 Be4 31. Kf1 Bd3+ 32. Kg1 Be4 33. Kf1 Qg2+
34. Ke2 Qf3+ 35. Kf1 Qg2+ 36. Ke2 Qf3+ 1/2-1/2

[Event "VII Open A"]
[Site "Bergamo ITA"]
[Date "2008.09.14"]
[Round "5"]
[White "Todorov, Todor"]
[Black "Di Pietro, Davide"]
[Result "1/2-1/2"]
[WhiteElo "2504"]
[BlackElo "2020"]
[PlyCount "79"]
[EventDate "2008.09.12"]

1. e4 e5 2. Nf3 Nc6 3. Nc3 Nf6 4. g3 d6 5. h3 Be6 6. Bg2 h6 7. d4 Bc4 8. b3 Ba6
9. Bb2 Qe7 10. Qd2 O-O-O 11. d5 Nb8 12. b4 b6 13. a4 Nfd7 14. a5 bxa5 15. b5
Bb7 16. Rxa5 Nb6 17. Qe2 f5 18. Nh4 Qf7 19. Nxf5 g6 20. Ne3 h5 21. h4 N8d7 22.
Rxa7 Bh6 23. Ncd1 Kb8 24. Ra2 Rdf8 25. Bc3 g5 26. Nf5 Nxd5 27. Nxh6 Rxh6 28.
hxg5 Rg6 29. Ra3 Nxc3 30. Rxc3 Rxg5 31. Qc4 Nc5 32. Qxf7 Rxf7 33. Re3 Ka7 34.
Nc3 Ne6 35. Ne2 Kb6 36. c4 Kc5 37. O-O Rfg7 38. Rc1 h4 39. Kf1 Nd4 40. b6
1/2-1/2

[Event "VII Open A"]
[Site "Bergamo ITA"]
[Date "2008.09.14"]
[Round "5"]
[White "Vezzosi, Paolo"]
[Black "Piantoni, Roberto"]
[Result "1-0"]
[WhiteElo "2352"]
[BlackElo "2119"]
[PlyCount "91"]
[EventDate "2008.09.12"]

1. d4 Nf6 2. Bf4 g6 3. e3 Bg7 4. Nf3 O-O 5. c3 d6 6. Bd3 Nbd7 7. Nbd2 Qe8 8.
Qc2 e5 9. Bg5 d5 10. dxe5 Ng4 11. O-O Nc5 12. Bf4 Nxe5 13. Nxe5 Bxe5 14. Bh6
Bg7 15. Bxg7 Kxg7 16. Nb3 Nxb3 17. Qxb3 Qe5 18. Rae1 b6 19. f4 Qd6 20. f5 f6
21. fxg6 hxg6 22. Qa4 Bd7 23. Qf4 Qxf4 24. exf4 Rae8 25. Kf2 Kf7 26. h4 Kg7 27.
Rxe8 Rxe8 28. Re1 Rxe1 29. Kxe1 Kh6 30. Kf2 Bg4 31. Ke3 Kh5 32. g3 Bd1 33. Kd4
Bf3 34. b4 Be4 35. Be2+ Kh6 36. Bb5 Kh5 37. Bd7 Bf3 38. Be6 f5 39. Bf7 Be4 40.
b5 Bf3 41. Ke5 Be2 42. Kf6 Bxb5 43. Bxg6+ Kh6 44. Bxf5 Bc4 45. g4 Bxa2 46. Bg6
1-0

[Event "VII Open A"]
[Site "Bergamo ITA"]
[Date "2008.09.14"]
[Round "6"]
[White "Astengo, Marcello"]
[Black "Gaggino, Davide"]
[Result "1-0"]
[WhiteElo "2075"]
[BlackElo "1989"]
[PlyCount "53"]
[EventDate "2008.09.12"]

1. d4 d5 2. c4 c6 3. Nc3 Nf6 4. e3 a6 5. Bd3 b5 6. b3 Nbd7 7. Nf3 b4 8. Ne2 a5
9. O-O e6 10. Bb2 Bd6 11. Ng3 O-O 12. Re1 Bb7 13. Rc1 Qb8 14. e4 dxe4 15. Nxe4
Nxe4 16. Rxe4 Nf6 17. Rh4 Bf4 18. Ne5 Bg5 19. Rh3 Bxc1 20. Bxc1 c5 21. Bg5 Ne4
22. Qh5 h6 23. Bxh6 Nf6 24. Qg5 Ne8 25. Bxg7 Nxg7 26. Rh7 Qxe5 27. dxe5 1-0

[Event "VII Open A"]
[Site "Bergamo ITA"]
[Date "2008.09.14"]
[Round "6"]
[White "De Palma, Fabrizio"]
[Black "Bellavita, Guido"]
[Result "0-1"]
[WhiteElo "2005"]
[BlackElo "2101"]
[PlyCount "60"]
[EventDate "2008.09.12"]

1. Nf3 g6 2. d4 Bg7 3. e4 d6 4. Be3 a6 5. Bc4 e6 6. Qd2 h6 7. Nc3 Ne7 8. h4 Nd7
9. Bb3 b5 10. Ne2 Nb6 11. Qd3 d5 12. e5 Nc4 13. Bc1 c5 14. a4 Bd7 15. axb5 axb5
16. Rxa8 Qxa8 17. dxc5 Nxe5 18. Nxe5 Bxe5 19. c3 Bg7 20. Nd4 Qb8 21. g3 b4 22.
c4 dxc4 23. Qxc4 Nc6 24. Nb5 Ne5 25. Nd6+ Ke7 26. Qa6 Qc7 27. O-O Qxc5 28. Rd1
Qc6 29. Qa5 Nf3+ 30. Kf1 Nd4 0-1

[Event "VII Open A"]
[Site "Bergamo ITA"]
[Date "2008.09.14"]
[Round "6"]
[White "Di Pietro, Davide"]
[Black "Lalic, Bogdan"]
[Result "0-1"]
[WhiteElo "2020"]
[BlackElo "2533"]
[PlyCount "84"]
[EventDate "2008.09.12"]

1. d4 d5 2. c4 dxc4 3. e4 Nf6 4. Nc3 e5 5. d5 c6 6. Bxc4 Bb4 7. Bg5 Bxc3+ 8.
bxc3 Qa5 9. Ne2 Nxe4 10. Be3 O-O 11. O-O Rd8 12. Rb1 Nd6 13. Bb3 Bf5 14. Rb2 c5
15. c4 Nd7 16. Ng3 Bg6 17. Bg5 f6 18. Bd2 Qa6 19. Qe2 Nb6 20. Rc1 Na4 21. Bxa4
Qxa4 22. h4 Qa3 23. Rb3 Qxa2 24. Rcc3 Nxc4 25. Qxc4 Qxd2 26. Rxb7 Qxd5 27.
Qxd5+ Rxd5 28. h5 Bd3 29. h6 gxh6 30. Nh5 Rf8 31. Rxa7 Bg6 32. Ng3 h5 33. Rc7
h4 34. Nf1 Rd1 35. R3xc5 Rb8 36. Rc1 Rb1 37. Rc8+ Kg7 38. R8c7+ Kh6 39. Rxb1
Bxb1 40. Rc3 Bd3 41. Rxd3 Rxd3 42. Ne3 Rxe3 0-1

[Event "VII Open A"]
[Site "Bergamo ITA"]
[Date "2008.09.14"]
[Round "6"]
[White "Drazic, Sinisa"]
[Black "Korneev, Oleg"]
[Result "0-1"]
[WhiteElo "2505"]
[BlackElo "2631"]
[PlyCount "66"]
[EventDate "2008.09.12"]

1. d4 d5 2. Nf3 Nf6 3. c4 e6 4. e3 a6 5. a3 dxc4 6. Bxc4 b5 7. Ba2 Bb7 8. O-O
Nbd7 9. Qe2 c5 10. dxc5 Nxc5 11. Rd1 Bd6 12. Bd2 O-O 13. Be1 Qc7 14. Nbd2 Rac8
15. Rac1 Qb8 16. h3 Na4 17. Nf1 Be5 18. Rxc8 Rxc8 19. Nxe5 Qxe5 20. Rd4 h6 21.
Bb3 Rc1 22. Bd2 Ra1 23. Bxa4 bxa4 24. Rxa4 Bc6 25. f4 Qxb2 26. Rb4 Qxa3 27.
Rb8+ Kh7 28. Be1 Bb5 29. Qf2 Qc1 30. Rxb5 axb5 31. Bb4 Ne4 32. Qe2 Ng3 33. Qd3+
f5 0-1

[Event "VII Open A"]
[Site "Bergamo ITA"]
[Date "2008.09.14"]
[Round "6"]
[White "Giancotti, Eraldo"]
[Black "Angelini, Marco"]
[Result "1-0"]
[WhiteElo "2092"]
[BlackElo "1987"]
[PlyCount "81"]
[EventDate "2008.09.12"]

1. d4 Nf6 2. Nf3 g6 3. Bf4 d5 4. e3 Bg7 5. Bd3 O-O 6. h3 c5 7. c3 cxd4 8. exd4
Bf5 9. Bxf5 gxf5 10. Nbd2 Nc6 11. Qc2 Ne4 12. g4 e6 13. gxf5 exf5 14. O-O-O Nb4
15. Qb1 Rc8 16. Nxe4 dxe4 17. Ne1 Qd5 18. Rg1 Kh8 19. a3 Na2+ 20. Kd2 Bxd4 21.
cxd4 Qxd4+ 22. Ke2 Qc4+ 23. Ke3 Nc1 24. Rxc1 Qxc1+ 25. Qxc1 Rxc1 26. Be5+ f6
27. Bc3 Rd1 28. Kf4 Rd5 29. Nc2 Rd3 30. Ne3 h5 31. Kxf5 Kh7 32. Kxe4 Rd7 33.
Kf4 Rc7 34. Nd5 Rc6 35. Re1 Rf7 36. Kf5 Rc5 37. Ke6 Rf8 38. Nxf6+ Kh6 39. Bd2+
Kg7 40. Rg1+ Kh8 41. Bc3 1-0